Central Library OPAC University of Rajshahi

A concordance to the poetical works of John Milton / (Record no. 62926)

MARC details
000 -LEADER
fixed length control field 00709nam a2200229 a 4500
001 - CONTROL NUMBER
control field 62926
003 - CONTROL NUMBER IDENTIFIER
rucl marc code BD-RjUL
005 - DATE AND TIME OF LATEST TRANSACTION
control field 20211209081137.0
008 - FIXED-LENGTH DATA ELEMENTS--GENERAL INFORMATION
fixed length control field 170126r19651894enk 000 0 eng d
035 ## - SYSTEM CONTROL NUMBER
System control number 04-13888
System control number (BD-RjUL)63054
040 ## - CATALOGING SOURCE
Original cataloging agency DLC
Transcribing agency BAT
Modifying agency BAT
-- BD-RjUL
Language of cataloging eng
041 ## - LANGUAGE CODE
Language code of text/sound track or separate title eng
082 ## - DEWEY DECIMAL CLASSIFICATION NUMBER
Classification number 821.4
Author mark and year BRC 1965
100 1# - MAIN ENTRY--PERSONAL NAME
Personal name Bradshaw, John,
Dates associated with a name 1845-1894.
9 (RLIN) 187130
245 12 - TITLE STATEMENT
Title A concordance to the poetical works of John Milton /
Statement of responsibility, etc. by John Bradshaw.
260 ## - PUBLICATION, DISTRIBUTION, ETC. (IMPRINT)
Place of publication, distribution, etc. London :
Name of publisher, distributor, etc. S. Sonnenschein & Co ;
Place of publication, distribution, etc. New York :
Name of publisher, distributor, etc. Macmillan & Co.,
Date of publication, distribution, etc. 1894 [Impression 1965]
300 ## - PHYSICAL DESCRIPTION
Pagination [4], 412 p. ;
Size 24 cm.
600 10 - SUBJECT ADDED ENTRY--PERSONAL NAME
Personal name Milton, John,
Dates associated with a name 1608-1674
942 ## - ADDED ENTRY ELEMENTS (KOHA)
Source of classification or shelving scheme Dewey Decimal Classification
Koha item type Books
Holdings
Lost status Source of classification or shelving scheme Damaged status Not for loan Collection code Permanent Location Current Location Shelving location Date acquired Source of acquisition Cost, normal purchase price Total Checkouts Full call number Date last seen Copy number Koha item type
  Dewey Decimal Classification   Not For Loan Non-fiction Central Library, University of Rajshahi Central Library, University of Rajshahi Reading Room 07/04/1968 Book Centre, Lahore 31.00   821.4 BRC 1965 26/01/2017 C-1 Books